Hiszpański - mięso i ryby, napoje - Statystyki

Ogólne statystyki
  • Ten quiz został rozwiązany 4 razy
  • Średni wynik to 26 z 55
Statystyki odpowiedzi
Hint Odpowiedź % Poprawnych
napój (f) bebida
100%
kawa (m) cafe
100%
mięso (f) carne
100%
piwo (f) cerveza
100%
ryba (m) pescado
100%
kurczak (m) pollo
100%
herbata (m) te
100%
woda (m) agua
67%
tuńczyk (m) atun
67%
dorsz (m) bacalao
67%
kawa z mlekiem (m) cafe con leche
67%
kałamarnica (m) calamar
67%
kotlet (f) chuleta
67%
szynka (m) jamón
67%
mleko (f) leche
67%
skorupiak, owoc morza (m) marisco
67%
indyk (m) pavo
67%
pierś z kurczaka (f) pechuga de pollo
67%
napój gazowany (m) refresco
67%
kiełbasa (f) salchicha
67%
łosoś (m) salmón
67%
czarna herbata (m) te negro
67%
cielęcina (f) ternera
67%
zielona herbata (m) te verde
67%
wino (m) vino
67%
wino białe (m) vino blanco
67%
czerwone wino (m) vino tinto
67%
bekon (m) beicon
33%
czarna kawa (m) cafe solo
33%
capuccino (m) capuchino
33%
mięso mielone (f) carne picada
33%
kawior (m) caviar
33%
wieprzowina (m) cerdo
33%
gorąca czekolada (m) chocolate caliente
33%
koktajl (m) cóctel
33%
kostka lodu (m) cubito de hielo
33%
wędlina (m) embutido
33%
stek, filet (m) filete
33%
homar (f) langosta
33%
lemoniada (f) limonada
33%
morszczuk (f) merluza
33%
sok winogronowy (m) mosto
33%
ostryga (f) ostra
33%
sardynka (f) sardina
33%
sok (m) zumo
33%
klopsik (f) albóndiga
0%
koktajl mleczny (m) batido
0%
sardela (m) boquerón
0%
toast (m) brindis
0%
jagnięcina (m) cordero
0%
żeberko (f) costilla
0%
stek z polędwicy (m) entrecot
0%
rumianek (napar) (f) manzanilla
0%
omułek (m) mejillón
0%
polędwica (m) solomillo
0%
Nie znaleziono quizów pasujących do podanych kryteriów
Rozkład punktacji
Procent ludzi z każdym wynikiem
Percentyl według liczby udzielonych odpowiedzi
Twoja historia wyników
Nie rozwiązałeś tego quizu